[Event "Quebec op"]
[Site "Longueuil CAN"]
[Date "2018.07.22"]
[Round "3.6"]
[White "Javidfard, Amirsalar"]
[Black "Kaufman, Raymond"]
[Result "0-1"]
[WhiteElo "1990"]
[BlackElo "2201"]
[PlyCount "72"]
[GameId "2160767908090943"]
[EventDate "2018.07.21"]
[EventType "swiss"]
[EventRounds "9"]
[EventCountry "CAN"]

1. d4 Nf6 2. c4 e6 3. Nf3 b6 4. a3 Bb7 5. Nc3 d5 6. Bg5 Be7 7. Qb3 Nbd7 8. Rd1 O-O 9. e3 h6 10. Bh4 Rc8 11. cxd5 Nxd5 12. Bg3 c5 13. Bc4 cxd4 14. Nxd5 exd5 15. Bb5 Nc5 16. Qa2 dxe3 17. fxe3 a6 18. Bc4 Bg5 19. Bxd5 Bxd5 20. Rxd5 Qe7 21. O-O Bxe3+ 22. Kh1 Qe6 23. Rfd1 Rcd8 24. Bc7 Rd7 25. Bg3 Ne4 26. Ne5 Rd6 27. Qc4 Rxd5 28. Qxd5 Qxd5 29. Rxd5 Rc8 30. Nd3 f5 31. Be1 f4 32. h3 Nf6 33. Rd6 Rc2 34. Kh2 f3 35. Rd8+ Kh7 36. Bc3 fxg2 0-1

[Event "Quebec op"]
[Site "Longueuil CAN"]
[Date "2018.07.23"]
[Round "4.3"]
[White "Kaufman, Raymond"]
[Black "Saha, Ananda"]
[Result "1-0"]
[WhiteElo "2201"]
[BlackElo "1950"]
[PlyCount "111"]
[GameId "2160767738996945"]
[EventDate "2018.07.21"]
[EventType "swiss"]
[EventRounds "9"]
[EventCountry "CAN"]
[WhiteClock "1:09:35"]
[BlackClock "0:01:57"]

1. d4 d5 2. c4 e6 3. Nc3 Be7 4. cxd5 exd5 5. Bf4 c6 6. e3 Nf6 7. Bd3 O-O 8. Qc2 Nbd7 9. Nf3 Re8 10. h3 Nf8 11. O-O-O Ng6 12. Bh2 Bd6 13. Bxd6 Qxd6 14. g4 b5 15. Kb1 Rb8 16. Bf5 b4 17. Na4 Ne4 18. Bxe4 dxe4 19. Nd2 Be6 20. Nc5 Bd5 21. Ndxe4 Qe7 22. f3 Nh4 23. Rhf1 Nxf3 24. Rxf3 Bxe4 25. Nxe4 Qxe4 26. Qxe4 Rxe4 27. Rc1 Re6 28. Kc2 Rb6 29. Kb3 Re8 30. g5 g6 31. Rc5 Re7 32. Rc4 a5 33. Rc5 Ra6 34. Ka4 Rea7 35. Rf6 Re7 36. d5 Re5 37. Rcxc6 Rxc6 38. dxc6 Rxg5 39. a3 bxa3 40. Kxa3 Rc5 41. b4 Rc3+ 42. Ka4 Kg7 43. Rd6 axb4 44. Kxb4 Rc1 45. Kb5 Kf8 46. Kb6 Rb1+ 47. Kc7 Ke8 48. Kc8 Rb3 49. c7 Ke7 50. Rd7+ Ke8 51. Rd5 Ke7 52. Re5+ Kd6 53. Re4 f5 54. Rd4+ Ke7 55. Rd7+ Ke8 56. Rxh7 1-0

[Event "Quebec op"]
[Site "Longueuil CAN"]
[Date "2018.07.24"]
[Round "5.2"]
[White "Edouard, Romain"]
[Black "Kaufman, Raymond"]
[Result "1-0"]
[WhiteElo "2638"]
[BlackElo "2201"]
[PlyCount "73"]
[GameId "2160767738996948"]
[EventDate "2018.07.21"]
[EventType "swiss"]
[EventRounds "9"]
[EventCountry "CAN"]
[WhiteClock "0:05:00"]
[BlackClock "0:01:12"]

1. Nf3 d5 2. c4 c6 3. d4 Nf6 4. Nc3 dxc4 5. a4 Bf5 6. Ne5 Nbd7 7. Nxc4 Qc7 8. g3 e5 9. dxe5 Nxe5 10. Bf4 Nfd7 11. Bg2 g5 12. Ne3 gxf4 13. Nxf5 fxg3 14. hxg3 O-O-O 15. Qc2 Kb8 16. O-O-O a5 17. f4 Ng4 18. e3 h5 19. Bf3 Bc5 20. Bxg4 hxg4 21. Rxh8 Rxh8 22. Ne4 Bb6 23. Qd2 Re8 24. Ned6 Re6 25. e4 Nc5 26. Qc2 Na6 27. e5 Nb4 28. Qc4 Ka7 29. Rh1 Qd8 30. Rh7 Bc7 31. Rxf7 Qh8 32. Nh4 Rxd6 33. exd6 Bxd6 34. Rd7 Qf6 35. Kb1 Ka8 36. Qg8+ Ka7 37. Qc8 1-0

[Event "Quebec op"]
[Site "Longueuil CAN"]
[Date "2018.07.25"]
[Round "6.4"]
[White "Kaufman, Raymond"]
[Black "Cherniaev, Alexander"]
[Result "1/2-1/2"]
[WhiteElo "2201"]
[BlackElo "2421"]
[PlyCount "56"]
[GameId "2160767738996954"]
[EventDate "2018.07.21"]
[EventType "swiss"]
[EventRounds "9"]
[EventCountry "CAN"]
[WhiteClock "0:25:31"]
[BlackClock "0:14:41"]

1. d4 Nf6 2. Nf3 g6 3. c4 Bg7 4. Nc3 O-O 5. e4 d6 6. Be2 e5 7. O-O Na6 8. Be3 Ng4 9. Bg5 Qe8 10. dxe5 dxe5 11. h3 h6 12. Bd2 Nf6 13. Qc1 Kh7 14. Be3 b6 15. Nd2 Bb7 16. Nd5 Qd8 17. Rd1 Nd7 18. b4 c6 19. b5 cxd5 20. bxa6 Bxa6 21. exd5 f5 22. Nb3 Qe7 23. Bf1 Rac8 24. d6 Qe6 25. Qa3 Bxc4 26. Bxc4 Rxc4 27. Qxa7 Rc6 28. Rac1 Rfc8 1/2-1/2

[Event "Quebec op"]
[Site "Longueuil CAN"]
[Date "2018.07.26"]
[Round "7.6"]
[White "Bremner, William"]
[Black "Kaufman, Raymond"]
[Result "1/2-1/2"]
[WhiteElo "1684"]
[BlackElo "2201"]
[PlyCount "108"]
[GameId "2160767908091026"]
[EventDate "2018.07.21"]
[EventType "swiss"]
[EventRounds "9"]
[EventCountry "CAN"]

1. d4 Nf6 2. c4 g6 3. Nc3 Bg7 4. e4 d6 5. Be2 O-O 6. Nf3 e5 7. O-O Nbd7 8. Re1 c6 9. Bf1 exd4 10. Nxd4 Re8 11. f3 a5 12. Be3 Nc5 13. Qd2 Qc7 14. Rad1 a4 15. Nc2 Nfd7 16. Na3 Be5 17. Kh1 Nf8 18. g3 Bd7 19. Bg2 Rad8 20. Bg5 f6 21. Be3 f5 22. Bg5 Rc8 23. Bf4 Nfe6 24. Be3 fxe4 25. Nxe4 Nxe4 26. fxe4 b6 27. Nb1 Nc5 28. Bd4 Bg4 29. Rc1 Qg7 30. Bc3 Be6 31. Qe2 Rf8 32. Rf1 Qd7 33. Rxf8+ Rxf8 34. Rf1 Rxf1+ 35. Qxf1 Qg7 36. Qe2 Bxc3 37. bxc3 Qe5 38. Kg1 d5 39. cxd5 cxd5 40. Qb5 Bd7 41. Qxb6 dxe4 42. Qb4 Qg5 43. Qd4 Qc1+ 44. Bf1 Bh3 45. Nd2 Bxf1 46. Qd8+ Kf7 47. Qc7+ Kf6 48. Qd6+ Ne6 49. Nxe4+ Kf7 50. Qd7+ Kf8 51. Qd6+ Kg7 52. Qe7+ Kh6 53. Qh4+ Kg7 54. Qe7+ Kh6 1/2-1/2

[Event "Quebec op"]
[Site "Longueuil CAN"]
[Date "2018.07.27"]
[Round "8.5"]
[White "Kaufman, Raymond"]
[Black "Beaulieu, Eric"]
[Result "1-0"]
[WhiteElo "2201"]
[BlackElo "2129"]
[PlyCount "56"]
[GameId "2160767908091043"]
[EventDate "2018.07.21"]
[EventType "swiss"]
[EventRounds "9"]
[EventCountry "CAN"]

1. d4 Nf6 2. c4 e6 3. Nf3 b6 4. a3 Bb7 5. Nc3 d5 6. Bg5 Be7 7. Bxf6 Bxf6 8. cxd5 exd5 9. g3 O-O 10. Bg2 Nd7 11. O-O Re8 12. Rc1 Be7 13. Qa4 Bd6 14. Rfe1 a6 15. b4 Nf6 16. Qb3 g6 17. Nd2 Ne4 18. Ncxe4 dxe4 19. Rc3 Qg5 20. Qc2 Qd5 21. e3 b5 22. f3 f5 23. fxe4 fxe4 24. Nb3 Re7 25. Rf1 Kg7 26. Qf2 Qg5 27. Rc5 Bxc5 28. Nxc5 Bc8 1-0

[Event "Quebec op"]
[Site "Longueuil CAN"]
[Date "2018.07.28"]
[Round "9.1"]
[White "Preotu, Razvan"]
[Black "Kaufman, Raymond"]
[Result "1-0"]
[WhiteElo "2495"]
[BlackElo "2201"]
[PlyCount "87"]
[GameId "2160767908091064"]
[EventDate "2018.07.21"]
[EventType "swiss"]
[EventRounds "9"]
[EventCountry "CAN"]

1. e4 c6 2. d4 d5 3. exd5 cxd5 4. Bd3 Nc6 5. c3 Qc7 6. Ne2 Bg4 7. h3 Bxe2 8. Bxe2 e6 9. O-O Bd6 10. Nd2 Nf6 11. Bd3 O-O 12. Nf3 h6 13. Re1 Rfe8 14. Be3 Rad8 15. Rc1 a6 16. Rc2 Ne4 17. Bxe4 dxe4 18. Nd2 f5 19. Nf1 Qf7 20. f4 exf3 21. Qxf3 e5 22. Rce2 Kh7 23. g3 exd4 24. Bxd4 Rxe2 25. Rxe2 Nxd4 26. cxd4 Bb8 27. Ne3 f4 28. Nc2 Ba7 29. Kg2 Qxa2 30. Qxb7 Qd5+ 31. Qxd5 Rxd5 32. gxf4 Rb5 33. b4 Bb8 34. Kf3 Rf5 35. Re4 Bd6 36. Ne3 Rf7 37. d5 g5 38. f5 Bf4 39. Kg4 Rc7 40. Nc4 Kg7 41. d6 Rd7 42. Re7+ Rxe7 43. dxe7 Kf7 44. f6 1-0

[Event "CAN-op"]
[Site "Quebec CAN"]
[Date "2018.07.07"]
[Round "1.13"]
[White "Acosta, Mariano"]
[Black "Kaufman, Raymond"]
[Result "0-1"]
[WhiteElo "1802"]
[BlackElo "2201"]
[PlyCount "62"]
[GameId "2160767908156772"]
[EventDate "2018.07.07"]
[EventType "swiss"]
[EventRounds "9"]
[EventCountry "CAN"]

1. Nf3 c5 2. c4 Nc6 3. b3 Nf6 4. Bb2 g6 5. g3 Bg7 6. Bg2 O-O 7. Nc3 d6 8. O-O e5 9. d3 h6 10. h3 Be6 11. e4 Nh7 12. Nd5 Qd7 13. Kh2 Ng5 14. Nxg5 hxg5 15. Qd2 f6 16. a3 Rf7 17. b4 Raf8 18. bxc5 dxc5 19. f3 Nd4 20. Bxd4 cxd4 21. Rab1 Qd8 22. Rb3 f5 23. Rfb1 b6 24. a4 g4 25. exf5 gxf5 26. a5 f4 27. fxg4 fxg3+ 28. Kxg3 e4 29. Bxe4 Be5+ 30. Kg2 Qh4 31. Bf5 Bxf5 0-1

[Event "CAN-op"]
[Site "Quebec CAN"]
[Date "2018.07.08"]
[Round "2.10"]
[White "Kaufman, Raymond"]
[Black "Chevalier, Francois"]
[Result "1-0"]
[WhiteElo "2201"]
[BlackElo "1720"]
[PlyCount "49"]
[GameId "2160767908156797"]
[EventDate "2018.07.07"]
[EventType "swiss"]
[EventRounds "9"]
[EventCountry "CAN"]

1. e4 e5 2. Nf3 Nc6 3. Bb5 g6 4. d4 exd4 5. Bg5 Be7 6. h4 Nf6 7. e5 Nd5 8. Bxc6 dxc6 9. Qxd4 Be6 10. a3 Nb6 11. Nc3 Qxd4 12. Nxd4 Bd5 13. f3 a6 14. O-O-O h6 15. Bxe7 Kxe7 16. h5 g5 17. Rhe1 Rad8 18. g3 c5 19. Nf5+ Ke6 20. Ng7+ Ke7 21. f4 Rh7 22. f5 f6 23. Ne6 Bxe6 24. exf6+ Ke8 25. Rxe6+ 1-0

[Event "CAN-op"]
[Site "Quebec CAN"]
[Date "2018.07.09"]
[Round "4.9"]
[White "Kaufman, Raymond"]
[Black "Richardson, Kai"]
[Result "1-0"]
[WhiteElo "2201"]
[BlackElo "1973"]
[PlyCount "51"]
[GameId "2160767908156850"]
[EventDate "2018.07.07"]
[EventType "swiss"]
[EventRounds "9"]
[EventCountry "CAN"]

1. d4 d5 2. c4 c6 3. Nf3 Nf6 4. e3 e6 5. Bd3 Nbd7 6. Nbd2 Be7 7. O-O O-O 8. b3 a6 9. Qe2 b5 10. e4 dxe4 11. Nxe4 Qc7 12. Bg5 Re8 13. Rac1 Qd8 14. Rfd1 Bb7 15. Ne5 Nxe4 16. Bxe7 Qxe7 17. Qxe4 Nf6 18. Qh4 g6 19. g3 Kg7 20. Be2 Rac8 21. Bf3 c5 22. Bxb7 Qxb7 23. cxb5 Qxb5 24. dxc5 Rxc5 25. Rxc5 Qxc5 26. Qxf6+ 1-0

[Event "CAN-op"]
[Site "Quebec CAN"]
[Date "2018.07.10"]
[Round "5.5"]
[White "Bitan, Banerjee"]
[Black "Kaufman, Raymond"]
[Result "1-0"]
[WhiteElo "2398"]
[BlackElo "2201"]
[PlyCount "65"]
[GameId "2160767908156872"]
[EventDate "2018.07.07"]
[EventType "swiss"]
[EventRounds "9"]
[EventCountry "CAN"]

1. d4 Nf6 2. Bg5 Ne4 3. Bf4 d5 4. e3 c5 5. Bd3 Nf6 6. c3 Nc6 7. Nd2 Bg4 8. Ngf3 Nd7 9. Qb1 g6 10. e4 dxe4 11. Bxe4 Bg7 12. d5 Nce5 13. h3 Bxf3 14. Nxf3 O-O 15. O-O Nxf3+ 16. Bxf3 Ne5 17. Be4 Qd6 18. Re1 b5 19. Qc1 Rac8 20. Rb1 f5 21. Bxe5 Bxe5 22. Bf3 b4 23. Re2 bxc3 24. Qe1 Bf6 25. Re6 Qf4 26. bxc3 Rb8 27. Rd1 Rb2 28. d6 exd6 29. Bd5 Kg7 30. g3 Qa4 31. Rxf6 Rxf6 32. Qe7+ Kh6 33. Rf1 1-0

[Event "CAN-op"]
[Site "Quebec CAN"]
[Date "2018.07.11"]
[Round "6.9"]
[White "Kaufman, Raymond"]
[Black "Doknjas, Neil"]
[Result "1-0"]
[WhiteElo "2201"]
[BlackElo "1883"]
[PlyCount "65"]
[GameId "2160767908156904"]
[EventDate "2018.07.07"]
[EventType "swiss"]
[EventRounds "9"]
[EventCountry "CAN"]

1. Nf3 d5 2. c4 e6 3. g3 Nf6 4. Bg2 Be7 5. O-O O-O 6. b3 b6 7. Bb2 Bb7 8. e3 c5 9. Qe2 Nc6 10. d4 Rc8 11. Rd1 Qc7 12. cxd5 exd5 13. dxc5 bxc5 14. Nc3 Rfd8 15. Rac1 Nb4 16. Nh4 Ba6 17. Nb5 Nxa2 18. Ra1 Bxb5 19. Qxb5 Nb4 20. Nf5 a6 21. Qe2 Re8 22. g4 d4 23. exd4 Bd6 24. Qf3 Bxh2+ 25. Kh1 cxd4 26. Rac1 Qe5 27. Bxd4 Rxc1 28. Bxe5 Rxd1+ 29. Kxh2 Rd3 30. Nh6+ Kf8 31. Qf4 Rd7 32. Qxb4+ Rde7 33. Nf5 1-0

[Event "CAN-op"]
[Site "Quebec CAN"]
[Date "2018.07.12"]
[Round "7.8"]
[White "Cui, Cynthia"]
[Black "Kaufman, Raymond"]
[Result "0-1"]
[WhiteElo "1692"]
[BlackElo "2201"]
[PlyCount "48"]
[GameId "2160767908156929"]
[EventDate "2018.07.07"]
[EventType "swiss"]
[EventRounds "9"]
[EventCountry "CAN"]

1. c4 c5 2. g3 Nf6 3. Bg2 d5 4. cxd5 Nxd5 5. Nc3 Nc7 6. Nf3 Nc6 7. O-O e5 8. d3 Be7 9. Ne1 O-O 10. Nc2 Be6 11. Ne3 Qd7 12. Nc4 f6 13. a3 Rad8 14. Rb1 b6 15. Re1 Nd4 16. Nd2 Kh8 17. b4 cxb4 18. axb4 Ncb5 19. Nxb5 Qxb5 20. Ba3 Rc8 21. Rb2 Qa6 22. Nb1 Nb5 23. Rb3 Rc7 24. Bc1 Rxc1 0-1

[Event "CAN-op"]
[Site "Quebec CAN"]
[Date "2018.07.14"]
[Round "9.1"]
[White "Kaufman, Raymond"]
[Black "Sambuev, Bator"]
[Result "1-0"]
[WhiteElo "2201"]
[BlackElo "2514"]
[PlyCount "97"]
[GameId "2160767908156977"]
[EventDate "2018.07.07"]
[EventType "swiss"]
[EventRounds "9"]
[EventCountry "CAN"]
[SourceTitle "hb 2018"]

1. d4 Nf6 2. c4 e6 3. Nc3 Bb4 4. Qc2 c5 5. dxc5 O-O 6. a3 Bxc5 7. Nf3 b6 8. Bf4 Bb7 9. Rd1 a6 10. e4 h6 11. Be2 Nh5 12. Bc1 Qc7 13. e5 f5 14. O-O g5 15. Nxg5 hxg5 16. Bxh5 Qxe5 17. Bxg5 Qg7 18. h4 Be7 19. Rd3 f4 20. Bf3 Bxf3 21. Rxf3 Bxg5 22. hxg5 Qxg5 23. Rd1 Rf7 24. Qe4 Ra7 25. Ne2 Qf5 26. Qxf5 Rxf5 27. Rxf4 Rxf4 28. Nxf4 Rc7 29. Nxe6 Rxc4 30. Nd4 Kf7 31. g3 Kf6 32. f4 d6 33. Kf2 Nd7 34. Ke3 Rc8 35. g4 Rh8 36. Nf5 Rh3+ 37. Kf2 Nc5 38. Rxd6+ Kf7 39. Rxb6 Nd3+ 40. Kg1 Nxf4 41. g5 Rf3 42. Rf6+ Kg8 43. g6 Ne2+ 44. Kg2 Rb3 45. Ne7+ Kg7 46. Rf7+ Kh6 47. Rh7+ Kg5 48. g7 Nf4+ 49. Kh1 1-0

[Event "Paul Keres mem. (43rd)"]
[Site "Richmond CAN"]
[Date "2018.05.19"]
[Round "1.6"]
[White "Zhu, Brandon"]
[Black "Kaufman, Raymond"]
[Result "0-1"]
[WhiteElo "2053"]
[BlackElo "2303"]
[PlyCount "108"]
[GameId "2160767908179191"]
[EventDate "2018.05.19"]
[EventType "swiss"]
[EventRounds "6"]
[EventCountry "CAN"]

1. Nf3 d5 2. e3 Nf6 3. c4 e6 4. b3 Be7 5. Bb2 O-O 6. Nc3 c5 7. cxd5 exd5 8. d4 Nc6 9. Be2 Re8 10. O-O Bg4 11. dxc5 Bxc5 12. Nb5 Ne4 13. Nfd4 Bd7 14. Nf3 a6 15. Nc3 Nxc3 16. Bxc3 Bg4 17. Qd2 Qb6 18. Qb2 Bxf3 19. Bxf3 d4 20. exd4 Nxd4 21. Bd1 Nb5 22. Rb1 Ba3 23. Qa1 Rad8 24. Bf3 Rd3 25. Rbe1 Rxe1 26. Bxe1 Rxf3 27. gxf3 Nd4 28. Qd1 Qf6 29. f4 Qxf4 30. f3 h5 31. Bc3 Qe3+ 32. Kg2 Qxc3 33. Qe1 Qc2+ 34. Rf2 Qc6 35. Qe5 Ne6 36. Qb8+ Kh7 37. Qe5 Bd6 38. Qf5+ Kg8 39. Rc2 Nf4+ 40. Kf2 Qb6+ 41. Kf1 g6 42. Qc8+ Kh7 43. Qc4 Ne6 44. a4 Qe3 45. Re2 Qxf3+ 46. Rf2 Qh1+ 47. Ke2 Kh6 48. Rxf7 Qxh2+ 49. Kd1 Qg1+ 50. Ke2 Nd4+ 51. Kd3 Qd1+ 52. Ke4 Nf5 53. Qc3 Ng3+ 54. Ke3 Qe2+ 0-1

[Event "Paul Keres mem. (43rd)"]
[Site "Richmond CAN"]
[Date "2018.05.20"]
[Round "3.2"]
[White "Nyamdorj, Davaa-Ochir"]
[Black "Kaufman, Raymond"]
[Result "1-0"]
[WhiteElo "2246"]
[BlackElo "2303"]
[PlyCount "113"]
[GameId "2160767908179212"]
[EventDate "2018.05.19"]
[EventType "swiss"]
[EventRounds "6"]
[EventCountry "CAN"]

1. d4 Nf6 2. Bf4 e6 3. e3 b6 4. Nf3 Bb7 5. Nbd2 Be7 6. h3 c5 7. c3 O-O 8. Bd3 cxd4 9. exd4 d6 10. Qe2 Nbd7 11. O-O Re8 12. a4 e5 13. dxe5 dxe5 14. Bxe5 Bc5 15. b4 Bf8 16. Rad1 Nxe5 17. Nxe5 Rxe5 18. Bxh7+ Nxh7 19. Qxe5 Bd6 20. Qd4 Qc7 21. Nc4 Bh2+ 22. Kh1 Qc6 23. Ne3 Bc7 24. Qd7 Nf6 25. Qxc6 Bxc6 26. b5 Bb7 27. c4 Rc8 28. Nd5 Nxd5 29. cxd5 Bd6 30. Rc1 Rd8 31. Rfd1 Bc5 32. Rc2 Rxd5 33. Rcd2 Re5 34. f3 Kf8 35. Rd7 Re7 36. Rd8+ Re8 37. R8d7 Bc8 38. Rxa7 Be6 39. Re1 Rd8 40. Rc1 Be3 41. Re1 Bf2 42. Rf1 Rd2 43. Rc1 Ra2 44. Kh2 g5 45. Rb1 Be3 46. Kh1 Kg7 47. a5 bxa5 48. b6 Bf5 49. Rb5 Ra1+ 50. Kh2 Bd3 51. Raxa5 Rd1 52. Rb2 Bc4 53. b7 Bf4+ 54. g3 Bb8 55. Rxg5+ Kf6 56. Rc5 Be6 57. Rc8 1-0

[Event "Paul Keres mem. (43rd)"]
[Site "Richmond CAN"]
[Date "2018.05.20"]
[Round "4.4"]
[White "Kaufman, Raymond"]
[Black "Gu, Chuyang"]
[Result "1-0"]
[WhiteElo "2303"]
[BlackElo "1862"]
[PlyCount "51"]
[GameId "2160767908224277"]
[EventDate "2018.05.19"]
[EventType "swiss"]
[EventRounds "6"]
[EventCountry "CAN"]

1. d4 Nf6 2. c4 e6 3. Nf3 b6 4. e3 Bb7 5. Be2 Be7 6. O-O O-O 7. Nc3 d5 8. Qc2 Nbd7 9. Rd1 c5 10. dxc5 Nxc5 11. cxd5 exd5 12. Nd4 Rc8 13. f3 Bd6 14. Nf5 Bb8 15. Bd2 Qc7 16. g3 Rfe8 17. Nb5 Qd7 18. Bc3 Qe6 19. Nbd4 Qe5 20. Nxg7 Qxe3+ 21. Kh1 Nfe4 22. fxe4 Nxe4 23. Nxe8 Rxe8 24. Rf1 Nxg3+ 25. hxg3 Bxg3 26. Qf5 1-0

[Event "Paul Keres mem. (43rd)"]
[Site "Richmond CAN"]
[Date "2018.05.21"]
[Round "5"]
[White "Kriventsov, Stanislav"]
[Black "Kaufman, Raymond"]
[Result "1-0"]
[WhiteElo "2401"]
[BlackElo "2195"]
[PlyCount "213"]
[GameId "2160767908224284"]
[EventDate "2018.05.19"]
[EventType "swiss"]
[EventRounds "6"]
[EventCountry "CAN"]
[SourceTitle "EXT 2019"]
[Source "ChessBase"]
[SourceDate "2018.10.10"]
[SourceVersion "1"]
[SourceVersionDate "2018.10.10"]
[SourceQuality "1"]

1. e4 c5 2. Nf3 e6 3. d4 cxd4 4. Nxd4 Nc6 5. Nb5 d6 6. c4 Nf6 7. N1c3 a6 8. Nd4 Be7 9. Be2 O-O 10. O-O Nxd4 11. Qxd4 e5 12. Qd3 Be6 13. b3 Nd7 14. Be3 Rc8 15. Rac1 Rc6 16. Qd2 h6 17. Nd5 Bxd5 18. cxd5 Rxc1 19. Rxc1 Bg5 20. Bxg5 hxg5 21. b4 Qb6 22. a4 a5 23. bxa5 Qb3 24. Qxg5 Nc5 25. h4 Nxe4 26. Qf5 Qb2 27. Re1 Qd2 28. Kf1 Qc2 29. Kg1 Qd2 30. Kf1 Nc3 31. Qd3 Qb2 32. a6 bxa6 33. Qxa6 Qb4 34. Qc4 Qxc4 35. Bxc4 Nxa4 36. Rb1 Rc8 37. Rb4 Nc3 38. Bb3 f5 39. Rb6 Ne4 40. Ke2 Rc3 41. f3 Nc5 42. Bd1 Ra3 43. Rxd6 Ra2+ 44. Kf1 Ra1 45. Ke1 e4 46. Rc6 Nd3+ 47. Kd2 Nb4 48. Rc8+ Kf7 49. fxe4 fxe4 50. Bb3 Ke7 51. Rc4 e3+ 52. Ke2 Na6 53. Re4+ Kd6 54. Re6+ Kd7 55. Bc4 Nc5 56. Rg6 Rc1 57. Bb5+ Ke7 58. Rxg7+ Kf6 59. Rc7 Ke5 60. Kxe3 Kxd5 61. h5 Rc3+ 62. Ke2 Rb3 63. Be8 Rg3 64. Kf1 Ne4 65. h6 Rg4 66. h7 Rh4 67. Bc6+ Kd6 68. Bxe4 Kxc7 69. g4 Kd6 70. Bg6 Rh6 71. g5 Rh4 72. Bh5 Rh1+ 73. Kf2 Rxh5 74. g6 Ke5 75. g7 Rxh7 76. g8=Q Re7 77. Kf3 Re6 78. Qg5+ Kd4 79. Qd8+ Ke5 80. Qd3 Rf6+ 81. Ke3 Re6 82. Qb5+ Kf6+ 83. Kf4 Ke7 84. Kf5 Rf6+ 85. Kg5 Rd6 86. Qc4 Rd7 87. Kf5 Kd6 88. Kf6 Rc7 89. Qd4+ Kc6 90. Ke6 Kb5 91. Kd6 Rc4 92. Qd3 Kb4 93. Kd5 Rc3 94. Qd2 Kb3 95. Kd4 Rc2 96. Qd1 Kb2 97. Kd3 Rc3+ 98. Kd2 Rb3 99. Qc1+ Ka2 100. Qc5 Rb2+ 101. Kc3 Rb3+ 102. Kc4 Rb2 103. Qd4 Rb1 104. Kc3 Rc1+ 105. Kd2 Rb1 106. Kc2 Rb3 107. Qc4 1-0

[Event "Paul Keres mem. (43rd)"]
[Site "Richmond CAN"]
[Date "2018.05.21"]
[Round "6.5"]
[White "Kaufman, Raymond"]
[Black "Blaha, Jiri"]
[Result "1-0"]
[WhiteElo "2303"]
[BlackElo "2189"]
[PlyCount "45"]
[GameId "2160767908224298"]
[EventDate "2018.05.19"]
[EventType "swiss"]
[EventRounds "6"]
[EventCountry "CAN"]

1. e4 d6 2. d4 Nf6 3. Nc3 g6 4. Bg5 Bg7 5. Qd2 h6 6. Bf4 g5 7. Be3 Ng4 8. O-O-O Nc6 9. Be2 Nxe3 10. fxe3 h5 11. e5 g4 12. h3 dxe5 13. d5 Nd4 14. Bd3 Nf5 15. hxg4 Ng3 16. Rh3 h4 17. Qf2 Bf6 18. g5 Bxh3 19. Nxh3 Bg7 20. g6 Bf6 21. Ng5 Rh5 22. gxf7+ Kd7 23. Bf5+ 1-0

[Event "Grand Pacific op"]
[Site "Victoria CAN"]
[Date "2018.03.30"]
[Round "1.3"]
[White "Kaufman, Raymond"]
[Black "Li, James1"]
[Result "1-0"]
[WhiteElo "2323"]
[BlackElo "2016"]
[PlyCount "55"]
[GameId "2160767908241345"]
[EventDate "2018.03.30"]
[EventType "swiss"]
[EventRounds "6"]
[EventCountry "CAN"]
[SourceTitle "EXT 2022"]
[Source "ChessBase"]
[SourceDate "2021.10.06"]
[SourceVersion "1"]
[SourceVersionDate "2021.10.06"]
[SourceQuality "1"]

1. e4 e5 2. Nf3 Nc6 3. Bb5 Nf6 4. O-O Nxe4 5. d4 Nd6 6. dxe5 Nxb5 7. a4 Nbd4 8. Nxd4 Be7 9. Nf5 O-O 10. Qg4 g6 11. Qg3 d5 12. Nxe7+ Qxe7 13. Re1 Re8 14. Nc3 Nb4 15. Bg5 Qc5 16. Rad1 c6 17. Qh4 Bf5 18. Rd4 f6 19. Bxf6 Nxc2 20. Rf4 Nxe1 21. Rxf5 gxf5 22. Qg5+ Kf7 23. Qxf5 Nd3 24. Qxd3 Re6 25. Qxh7+ Ke8 26. Qg8+ Kd7 27. Qxa8 Qb6 28. Qf8 1-0

[Event "Grand Pacific op"]
[Site "Victoria CAN"]
[Date "2018.03.31"]
[Round "2.3"]
[White "Nyamdorj, Davaa-Ochir"]
[Black "Kaufman, Raymond"]
[Result "0-1"]
[WhiteElo "2253"]
[BlackElo "2323"]
[PlyCount "76"]
[GameId "2160767908241355"]
[EventDate "2018.03.30"]
[EventType "swiss"]
[EventRounds "6"]
[EventCountry "CAN"]

1. e4 c5 2. Nf3 Nc6 3. Bb5 g6 4. Bxc6 bxc6 5. O-O Bg7 6. Re1 Rb8 7. h3 e5 8. c3 Ne7 9. d4 cxd4 10. cxd4 exd4 11. Nxd4 O-O 12. Nc3 d6 13. Bg5 f6 14. Bf4 Rxb2 15. Nb3 f5 16. Qc1 fxe4 17. Bd2 Rxd2 18. Qxd2 d5 19. Rad1 Qc7 20. Rc1 Qe5 21. Ne2 Nf5 22. Rxc6 Bh6 23. Qc3 Qxc3 24. Nxc3 e3 25. Nxd5 Bb7 26. Nf6+ Kh8 27. Re6 Ng7 28. Re7 exf2+ 29. Kxf2 Rxf6+ 30. Kg1 Bd5 31. Rxa7 Ne6 32. Rd7 Bc4 33. Rd6 Bf4 34. Rb6 Bg3 35. Rc1 Bf2+ 36. Kh1 Bxb6 37. Rxc4 Rf1+ 38. Kh2 Bc7+ 0-1

[Event "Grand Pacific op"]
[Site "Victoria CAN"]
[Date "2018.03.31"]
[Round "3.2"]
[White "Kaufman, Raymond"]
[Black "MacKinnon, Keith"]
[Result "1/2-1/2"]
[WhiteElo "2323"]
[BlackElo "2280"]
[PlyCount "45"]
[GameId "2160767908241363"]
[EventDate "2018.03.30"]
[EventType "swiss"]
[EventRounds "6"]
[EventCountry "CAN"]
[SourceTitle "EXT 2022"]
[Source "ChessBase"]
[SourceDate "2021.10.06"]
[SourceVersion "1"]
[SourceVersionDate "2021.10.06"]
[SourceQuality "1"]

1. d4 Nf6 2. Nf3 e6 3. Bg5 h6 4. Bh4 b6 5. e3 Bb7 6. Bd3 d6 7. O-O Nbd7 8. Qe2 g5 9. Bg3 Ne4 10. Nfd2 Nxg3 11. fxg3 Bg7 12. c3 Qe7 13. Ba6 Bxa6 14. Qxa6 O-O 15. a4 e5 16. Qd3 Rae8 17. a5 exd4 18. exd4 Qe2 19. Qxe2 Rxe2 20. axb6 axb6 21. Ra7 Rc8 22. Rf2 Re1+ 23. Rf1 1/2-1/2

[Event "Grand Pacific op"]
[Site "Victoria CAN"]
[Date "2018.04.01"]
[Round "4.2"]
[White "Hemstapat, Andrew"]
[Black "Kaufman, Raymond"]
[Result "0-1"]
[WhiteElo "2166"]
[BlackElo "2323"]
[PlyCount "102"]
[GameId "2160767908241373"]
[EventDate "2018.03.30"]
[EventType "swiss"]
[EventRounds "6"]
[EventCountry "CAN"]
[SourceTitle "EXT 2022"]
[Source "ChessBase"]
[SourceDate "2021.10.06"]
[SourceVersion "1"]
[SourceVersionDate "2021.10.06"]
[SourceQuality "1"]

1. e4 c5 2. Nf3 e6 3. d4 cxd4 4. Nxd4 Nc6 5. Nc3 Qc7 6. Be3 a6 7. Qf3 Nf6 8. O-O-O Ne5 9. Qg3 h5 10. f4 Nc4 11. e5 Ng4 12. Bxc4 Qxc4 13. h3 Nxe3 14. Qxe3 b5 15. Kb1 Bb7 16. Ne4 Rc8 17. Rhf1 Bc5 18. Nd6+ Bxd6 19. exd6 f5 20. Nxe6 Qxc2+ 21. Ka1 Qe4 22. Qb3 Qxe6 23. Qxe6+ dxe6 24. d7+ Ke7 25. dxc8=Q Rxc8 26. Rf2 h4 27. Rfd2 Kf6 28. b3 Rc3 29. Re1 Rg3 30. Ree2 Be4 31. Kb2 g5 32. fxg5+ Kxg5 33. Ka3 a5 34. Rd8 Bd5 35. Rg8+ Kf4 36. Rh8 Rxg2 37. Re1 b4+ 38. Ka4 Rxa2+ 39. Kb5 Kg3 40. Re3+ Kf2 41. Rd3 f4 42. Rxh4 f3 43. Rd1 Ke2 44. Rc1 f2 45. Rf4 Bg2 46. Rf6 e5 47. Rf5 e4 48. h4 e3 49. Rf4 f1=Q 50. Rfxf1 Bxf1 51. h5 Kf2+ 0-1